000 00528cam a2200181 a 4500
020 _a0072867353 (alk. paper)
040 _cDLC
082 0 0 _a808 HIL 2005 A092 Or.
100 1 _aRyan, Michael,
245 1 0 _aWriting for print and digital media /
260 _aBoston :
_bMcGraw-Hill,
_c2005.
300 _axxv, 468, [83] p. :
_bill. ;
_c24 cm.
650 0 _aJournalism
650 0 _aReport writing.
700 1 _aTankard, James W.
856 4 1 _uhttp://www.loc.gov/catdir/enhancements/fy0702/2004058158-t.html
942 _cEK
999 _c11635
_d11635